[Event "Terre degli Elimi op 4th"]
[Site "Erice"]
[Date "2013.07.28"]
[Round "7"]
[White "Tondo, Salvatore"]
[Black "Prinzivalli, Achille"]
[Result "0-1"]
[WhiteElo "1935"]
[BlackElo "1721"]
[PlyCount "94"]
[EventDate "2013.07.24"]
[EventType "swiss"]
[EventRounds "7"]
[EventCountry "ITA"]
[SourceTitle "EXT 2015"]
[Source "ChessBase"]
[SourceDate "2014.11.20"]
[SourceVersion "1"]
[SourceVersionDate "2014.11.20"]
[SourceQuality "1"]

1. e4 c5 2. Nf3 Nc6 3. Bb5 e5 4. 0-0 Nge7 5. Re1 a6 6. Bf1 d6 7. a4 Ng6 8. c3 Bg4 9. d3 Be7 10. h3 Be6 11. Be3 f6 12. d4 cxd4 13. cxd4 d5 14. exd5 Bxd5 15. Nc3 Bxf3 16. Qxf3 exd4 17. Rad1 0-0 18. Bc1 Nge5 19. Qg3 Bd6 20. Ne4 Bc7 21. Nc5 Qd5 22. Ne4 Rac8 23. f4 Ng6 24. Qf3 Kh8 25. Qf2 Bb6 26. Bd3 Nb4 27. Bb1 Qc6 28. Kh1 Nc2 29. Bxc2 Qxc2 30. Qf3 Qc6 31. h4 Nxh4 32. Qh5 Nxg2 33. Kxg2 f5 34. Kg3 fxe4 35. Rh1 h6 36. f5 e3 37. Qg4 Qd6+ 38. Kh3 Qc5 39. Rhg1 Qxf5 40. b4 Qxg4+ 41. Rxg4 Rc3 42. Kh2 Rf2+ 43. Kg1 Rcc2 44. a5 Ba7 45. Bxe3 dxe3 46. Rd8+ Kh7 47. Rd7 Rc1+ 0-1

[Event "Terre degli Elimi op 4th"]
[Site "Erice"]
[Date "2013.07.27"]
[Round "5"]
[White "Merendino, Elda"]
[Black "Prinzivalli, Achille"]
[Result "1/2-1/2"]
[WhiteElo "1538"]
[BlackElo "1721"]
[PlyCount "55"]
[EventDate "2013.07.24"]
[EventType "swiss"]
[EventRounds "7"]
[EventCountry "ITA"]
[SourceTitle "EXT 2015"]
[Source "ChessBase"]
[SourceDate "2014.11.20"]
[SourceVersion "1"]
[SourceVersionDate "2014.11.20"]
[SourceQuality "1"]

1. d4 d5 2. Nf3 Bf5 3. e3 f6 4. Bd3 Bxd3 5. Qxd3 c5 6. Qb5+ Qd7 7. Qxc5 Nc6 8. Qb5 a6 9. Qe2 e5 10. a3 b5 11. 0-0 Rc8 12. b3 Bd6 13. Nc3 e4 14. Nd2 Nxd4 15. exd4 Rxc3 16. Qh5+ g6 17. Qd1 Qc7 18. b4 Bxh2+ 19. Kh1 Bf4 20. Nb3 Rc6 21. Nc5 Bxc1 22. Rxc1 Nh6 23. Qd2 Ng4 24. g3 0-0 25. Kg2 Re8 26. Rh1 Nxf2 27. Qxf2 f5 28. Qe3 1/2-1/2

[Event "Terre degli Elimi op 4th"]
[Site "Erice"]
[Date "2013.07.25"]
[Round "2"]
[White "Prinzivalli, Achille"]
[Black "Gueci, Laura"]
[Result "0-1"]
[WhiteElo "1721"]
[BlackElo "1913"]
[PlyCount "66"]
[EventDate "2013.07.24"]
[EventType "swiss"]
[EventRounds "7"]
[EventCountry "ITA"]
[SourceTitle "EXT 2015"]
[Source "ChessBase"]
[SourceDate "2014.11.20"]
[SourceVersion "1"]
[SourceVersionDate "2014.11.20"]
[SourceQuality "1"]

1. e4 c5 2. Nc3 d6 3. g3 Nc6 4. Bg2 g6 5. f4 Bg7 6. Nf3 e6 7. 0-0 Nge7 8. d3 0-0 9. Nh4 Rb8 10. g4 f5 11. Ne2 fxg4 12. Ng3 Bf6 13. Qxg4 Kh8 14. Ne2 Nb4 15. Bd2 Nxc2 16. Rac1 Nd4 17. Bc3 e5 18. f5 Nxe2+ 19. Qxe2 Bxh4 20. fxg6 Nxg6 21. Rxf8+ Qxf8 22. Bd2 Be6 23. Rf1 Nf4 24. Bxf4 exf4 25. Qh5 Bf6 26. e5 Bxe5 27. Be4 Qf7 28. Qxf7 Bxf7 29. b3 Rg8+ 30. Kh1 Bg6 31. Bxb7 Bxd3 32. Rf3 Bd4 33. h3 Be3 0-1